Distribution par images - Les Aventures de Rabbi Jacob - Statistiques

Statistiques générales
  • Ce quiz a été pris 71 fois
  • Le résultat moyen est 4 sur 9
Statistiques - réponses
Par images Hint Réponse % Correct
Victor Pivert Louis de Funès
100%
Homme de main Gérard Darmon
69%
Antoinette Pivert Miou-Miou
63%
Andréani Claude Piéplu
53%
Salomon Henri Guybet
44%
Jean-François Jacques François
44%
Germaine Pivert Suzy Delair
24%
Mohamed Larbi Slimane Claude Giraud
19%
Farès Renzo Montagnani
8%
Aucun quiz correspondant
Distribution des résultats
% des personnes avec chaque résultat
Percentile par nombre de réponses
Votre historique - résultats
Vous n’avez pas pris ce quiz